| 000 | 01164nam a22002411a 4500 | ||
|---|---|---|---|
| 001 | 18533 | ||
| 003 | OSt | ||
| 005 | 20260204212410.0 | ||
| 008 | 180310s2018||||dr ||||||b||||||||||spa|| | ||
| 090 | _aEDU-IN 2018 M67 | ||
| 100 | 1 |
_aMorillo Méndez,Yomarlyn _esustentante |
|
| 245 | 1 | _aEtapa de desarrollo de la escritura del niño con relación al aprendizaje significativo en el Distrito 16-02,Fantino/Yomarlyn Morillo Méndez, Evelin Marte Lora e Irialis Mercedes Martínez Domínguez. , asesor Ángela Merejo Medrano | |
| 260 |
_aCotuí, República Dominicana : _bUTECO, _c2018 |
||
| 300 |
_a57 hojas : _bIlustraciones ; _c2018 |
||
| 502 | _aTrabajo de grado (Licenciatura en Educación Inicial)--Universidad Tecnológica del Cibao Oriental, 2018 | ||
| 504 | _aIncluye referencia bibliográfica e índice | ||
| 650 | 4 | _aEtapa de desarrollo de la escritura del niño con relación | |
| 700 | 1 |
_a Marte Lora, Evelin _esustentante |
|
| 700 | 1 |
_a Martínez Domínguez, Irialis Mercedes _esustentante |
|
| 700 | 1 |
_a Ángela Merejo Medrano _easesor |
|
| 830 | _aTesis y disertaciones académicas (Universidad Tecnológica del Cibao Oriental) | ||
| 942 |
_2LC _cTH |
||
| 999 |
_c18533 _d18533 |
||